[Event "8th Southwest Class"]
[Site "Forth Worth, TX"]
[Date "2017.02.19"]
[Round "7.1"]
[White "GM Popilski, Gil"]
[Black "IM Li, Ruifeng"]
[Result "1/2-1/2"]
[WhiteElo "2539"]
[BlackElo "2561"]
[PlyCount "55"]
[EventDate "2017.02.??"]
[EventType "swiss"]
[EventRounds "9"]
[EventCountry "USA"]

1. e4 c5 2. Nf3 d6 3. d4 cxd4 4. Nxd4 Nf6 5. Nc3 a6 6. Bc4 e6 7. Bb3 Be7 8. f4
Qc7 9. f5 e5 10. Nde2 Nbd7 11. Bg5 b5 12. Bxf6 Nxf6 13. Nd5 Qa5+ 14. Nec3 Nxe4
15. Nxe7 Nxc3 16. bxc3 Qxc3+ 17. Ke2 Kxe7 18. Qd5 Bd7 19. Rhd1 Qb4 20. Qxf7+
Kd8 21. Qxg7 Qe4+ 22. Kf1 Qxf5+ 23. Kg1 Kc7 24. Rd3 Raf8 25. h3 Qf2+ 26. Kh1
Qf6 27. Qg3 Qf2 28. Qg7 1/2-1/2

[Event "8th Southwest Class"]
[Site "Forth Worth, TX"]
[Date "2017.02.19"]
[Round "7.2"]
[White "Patel, Advait"]
[Black "GM Sevian, Sam"]
[Result "0-1"]
[WhiteElo "2377"]
[BlackElo "2579"]
[PlyCount "68"]
[EventDate "2017.02.??"]
[EventType "swiss"]
[EventRounds "9"]
[EventCountry "USA"]

1. e4 e5 2. Nf3 Nc6 3. Bb5 a6 4. Ba4 Nf6 5. O-O d6 6. Bxc6+ bxc6 7. Re1 c5 8.
c3 Bg4 9. h3 Bh5 10. d4 Nd7 11. Be3 Rb8 12. Nbd2 exd4 13. cxd4 Be7 14. dxc5
dxc5 15. Nc4 O-O 16. Qe2 Qc8 17. Rad1 Re8 18. Bf4 Nf8 19. Rd5 Ne6 20. Qe3 Bg6
21. Nfe5 Nd4 22. Qg3 Rb4 23. b3 c6 24. Rd7 f6 25. Rxe7 Rxe7 26. Nxg6 hxg6 27.
Bd6 Nf5 28. Qxg6 Rxc4 29. Bxe7 Nxe7 30. Qh5 Rd4 31. Qxc5 Qd8 32. e5 f5 33. Re2
Rd1+ 34. Kh2 Qd4 0-1

[Event "8th Southwest Class"]
[Site "Forth Worth, TX"]
[Date "2017.02.19"]
[Round "7.4"]
[White "IM Drozdowski, Kaeper"]
[Black "GM Belous, Vladimir"]
[Result "0-1"]
[WhiteElo "2496"]
[BlackElo "2577"]
[PlyCount "132"]
[EventDate "2017.02.??"]
[EventType "swiss"]
[EventRounds "9"]
[EventCountry "USA"]

1. b3 e5 2. Bb2 Nc6 3. e3 Nf6 4. Bb5 Bd6 5. Ne2 O-O 6. Ng3 a6 7. Bd3 Re8 8. Nc3
Bf8 9. e4 Bc5 10. Nh5 Nb4 11. O-O Nxd3 12. cxd3 c6 13. Kh1 d6 14. Nxf6+ Qxf6
15. Ne2 Qg6 16. f4 Bg4 17. Qe1 f5 18. Ng3 exf4 19. Rxf4 fxe4 20. dxe4 d5 21. d4
Be7 22. e5 Rf8 23. Bc1 h5 24. h3 Be6 25. Be3 Rxf4 26. Bxf4 Rf8 27. Qe3 h4 28.
Ne2 Bf5 29. Rf1 Bd3 30. Rf3 Be4 31. Rf2 Bb4 32. Bh2 Rf5 33. Nf4 Qf7 34. Kg1 g5
35. e6 Qf6 36. Nd3 Bxd3 37. Be5 Qxe6 38. Qxd3 Rxe5 39. dxe5 Bc5 40. Qc3 Bxf2+
41. Kxf2 Qf5+ 42. Kg1 Qe4 43. Qb2 Qe1+ 44. Kh2 Kf7 45. Qd4 Qe4 46. Qb6 Qxe5+
47. Kh1 Qe1+ 48. Kh2 Qe7 49. b4 Kg6 50. a4 Qd7 51. b5 axb5 52. axb5 d4 53. bxc6
bxc6 54. Qb8 d3 55. Qg8+ Kf5 56. Qf8+ Ke5 57. Qc5+ Ke4 58. Qc4+ Ke5 59. Qc5+
Qd5 60. Qe7+ Kf5 61. Qf8+ Ke4 62. Qb4+ Qd4 63. Qe1+ Kf5 64. Qb1 Qe4 65. Qf1+
Qf4+ 66. g3 hxg3+ 0-1

[Event "8th Southwest Class"]
[Site "Forth Worth, TX"]
[Date "2017.02.19"]
[Round "7.6"]
[White "IM Vorontsov, Pavlo"]
[Black "GM Shabalov, Alexander"]
[Result "1-0"]
[WhiteElo "2477"]
[BlackElo "2570"]
[PlyCount "77"]
[EventDate "2017.02.??"]
[EventType "swiss"]
[EventRounds "9"]
[EventCountry "USA"]

1. e4 g6 2. d4 Bg7 3. Nf3 d6 4. Bd3 e5 5. c3 Nc6 6. O-O Bg4 7. d5 Nce7 8. h3
Bd7 9. c4 h6 10. Nc3 f5 11. c5 Nf6 12. Qb3 Rb8 13. Qa3 Nc8 14. exf5 gxf5 15.
Nh4 e4 16. Be2 Kf7 17. Bf4 b5 18. c6 b4 19. Qb3 Nb6 20. Nb5 Bc8 21. Bxd6 Nfxd5
22. Bxc7 Qxh4 23. Bxb8 Be6 24. Qg3 Qxg3 25. Bxg3 Bxb2 26. Rab1 Bf6 27. Bh5+ Kg7
28. Nc7 Nxc7 29. Bxc7 Nd5 30. Ba5 Rb8 31. Be2 Nc3 32. Ba6 Nxb1 33. Rxb1 Be5 34.
c7 Ra8 35. Rd1 Kf7 36. Rd8 Bxc7 37. Rxa8 Bxa5 38. Rxa7+ Kf6 39. Bc8 1-0

[Event "8th Southwest Class"]
[Site "Forth Worth, TX"]
[Date "2017.02.19"]
[Round "7.8"]
[White "IM Brown, Michael"]
[Black "IM Chandra, Akshat"]
[Result "1-0"]
[WhiteElo "2466"]
[BlackElo "2512"]
[PlyCount "91"]
[EventDate "2017.02.??"]
[EventType "swiss"]
[EventRounds "9"]
[EventCountry "USA"]

1. d4 Nf6 2. c4 e6 3. Nc3 Bb4 4. Qc2 d6 5. a3 Bxc3+ 6. Qxc3 Nbd7 7. Bg5 h6 8.
Bh4 e5 9. e3 Qe7 10. Bd3 O-O 11. Ne2 Re8 12. O-O e4 13. Bc2 c6 14. b4 g5 15.
Bg3 d5 16. c5 Nf8 17. Bd6 Qd8 18. f3 exf3 19. gxf3 Bh3 20. Rf2 Qd7 21. Ng3 Qe6
22. e4 Ng6 23. Qd2 Nh4 24. e5 Nh7 25. f4 f5 26. exf6 Nxf6 27. Be5 Ng4 28. Qd3
Qf7 29. Rff1 Bxf1 30. Rxf1 gxf4 31. Bxf4 Qe7 32. Nh5 Qe4 33. Nf6+ Nxf6 34. Qg3+
Kf7 35. Bxe4 Rg8 36. Bxd5+ cxd5 37. Be5 Rxg3+ 38. hxg3 Rg8 39. Rxf6+ Ke7 40.
Rxh6 Nf3+ 41. Kf2 Nxe5 42. dxe5 Rg5 43. Rh7+ Ke6 44. Rxb7 d4 45. Rxa7 Rxe5 46.
Ra6+ 1-0

[Event "8th Southwest Class"]
[Site "Forth Worth, TX"]
[Date "2017.02.19"]
[Round "7.9"]
[White "GM Alejano, Carlos"]
[Black "FM Hilby, Craig"]
[Result "1/2-1/2"]
[WhiteElo "2496"]
[BlackElo "2333"]
[PlyCount "124"]
[EventDate "2017.02.??"]
[EventType "swiss"]
[EventRounds "9"]
[EventCountry "USA"]

1. d4 Nf6 2. Nf3 g6 3. g3 Bg7 4. Bg2 O-O 5. O-O c5 6. c3 d5 7. dxc5 a5 8. Bf4
Nbd7 9. Be3 Ng4 10. Qd2 Qc7 11. Ne1 Nxe3 12. Qxe3 Qxc5 13. Qxc5 Nxc5 14. Nd3
Nxd3 15. exd3 Bf5 16. d4 e6 17. a4 b5 18. axb5 Bd3 19. Re1 Bxb5 20. Bf1 Bc6 21.
Bd3 Rfb8 22. Ra2 Rb6 23. Re2 a4 24. f4 Rab8 25. Rc2 Rb3 26. Be2 f6 27. Bd1 R3b6
28. Rd2 Bb5 29. Be2 Bc6 30. Bf3 Bh6 31. Rc2 g5 32. fxg5 Bxg5 33. Kf2 Be8 34.
Na3 Bg6 35. Re2 Bc1 36. c4 Bxb2 37. Nb5 a3 38. Nxa3 Bxd4+ 39. Kg2 Bd3 40. cxd5
Bxe2 41. Rxe2 e5 42. Nc4 Rb4 43. d6 Rd8 44. Bd5+ Kf8 45. Re4 f5 46. Rh4 Kg7 47.
Be6 Rxc4 48. Bxc4 Rxd6 49. Bb5 Rb6 50. Bd7 Rb2+ 51. Kf1 Rf2+ 52. Ke1 e4 53. Rf4
Rxh2 54. Bxf5 Bc3+ 55. Kf1 e3 56. Bd3 Bd2 57. Rf5 h5 58. Rf3 Bc1 59. Rf5 Rh1+
60. Kg2 Rd1 61. Be2 Rd2 62. Kf1 Rd6 1/2-1/2

[Event "8th Southwest Class"]
[Site "Forth Worth, TX"]
[Date "2017.02.19"]
[Round "7.10"]
[White "GM Boros, Denes"]
[Black "IM Javakhadze, Zurab"]
[Result "0-1"]
[WhiteElo "2444"]
[BlackElo "2469"]
[PlyCount "114"]
[EventDate "2017.02.??"]
[EventType "swiss"]
[EventRounds "9"]
[EventCountry "USA"]

1. Nf3 d5 2. d4 Nf6 3. Bf4 e6 4. e3 Bd6 5. Bg3 b6 6. Bb5+ c6 7. Bd3 Bb7 8. Ne5
O-O 9. Nd2 c5 10. c3 Nc6 11. f4 Ne7 12. Qb1 Rc8 13. O-O Rc7 14. Bh4 Ng6 15. Bg5
Qa8 16. Bxf6 gxf6 17. Ng4 f5 18. Ne5 f6 19. Nef3 Kh8 20. Kh1 Rg8 21. Qe1 Qf8
22. Qe2 Qh6 23. g3 Qf8 24. Ba6 Ba8 25. Bd3 h5 26. Rg1 Rh7 27. Rad1 Bb8 28. Nh4
Ne7 29. b4 Nc8 30. b5 Nd6 31. a4 Bb7 32. Ra1 Qh6 33. Rgb1 Bc7 34. Bc2 Bd8 35.
Rc1 Qf8 36. Nb3 c4 37. Nd2 a6 38. bxa6 Bxa6 39. Rcb1 Bb7 40. Rb2 Bc6 41. Nb1
Be8 42. Na3 Ra7 43. Qd1 Rgg7 44. Rb4 Ra5 45. Rab1 Rga7 46. Nb5 Nxb5 47. Rxb5
Rxb5 48. Rxb5 Qa3 49. Rb1 Qxc3 50. Ng2 Kg7 51. h3 Kf8 52. g4 hxg4 53. hxg4 Rh7+
54. Kg1 Rg7 55. g5 fxg5 56. fxg5 Rxg5 57. Kf2 Bc7 0-1

[Event "8th Southwest Class"]
[Site "Forth Worth, TX"]
[Date "2017.02.19"]
[Round "7.11"]
[White "IM Nakar, Eylon"]
[Black "IM Aponte, Felix"]
[Result "1-0"]
[WhiteElo "2478"]
[BlackElo "2397"]
[PlyCount "59"]
[EventDate "2017.02.??"]
[EventType "swiss"]
[EventRounds "9"]
[EventCountry "USA"]

1. e4 c5 2. Nf3 Nc6 3. d4 cxd4 4. Nxd4 e5 5. Nb5 d6 6. N1c3 a6 7. Na3 b5 8. Nd5
Nf6 9. Bd3 Be7 10. c4 b4 11. Nc2 a5 12. O-O O-O 13. b3 Nd7 14. a3 bxa3 15. Nxa3
Nc5 16. Nb5 Rb8 17. Bc2 Ba6 18. Nbc7 Rb7 19. Nxa6 Nxa6 20. Bd2 Nc5 21. Bc3 Bg5
22. g3 Nb4 23. Ra3 Bh6 24. Qe2 Qd7 25. Rb1 Rfb8 26. Rxa5 Nxc2 27. Qxc2 Qg4 28.
Re1 Nxb3 29. Rb5 Qd7 30. Qxb3 1-0

[Event "8th Southwest Class"]
[Site "Forth Worth, TX"]
[Date "2017.02.19"]
[Round "7.12"]
[White "FM Taghizadeh, Rayan"]
[Black "IM Stremavicius, Titas"]
[Result "1/2-1/2"]
[WhiteElo "2327"]
[BlackElo "2468"]
[PlyCount "55"]
[EventDate "2017.02.??"]
[EventType "swiss"]
[EventRounds "9"]
[EventCountry "USA"]

1. e4 c5 2. Nf3 Nc6 3. Bb5 g6 4. Bxc6 bxc6 5. O-O Bg7 6. Re1 Nh6 7. c3 f6 8. d4
cxd4 9. cxd4 O-O 10. Nc3 Nf7 11. Be3 Rb8 12. b3 Qa5 13. Rc1 d6 14. Nd2 Qa6 15.
Nc4 Rd8 16. d5 c5 17. f4 e5 18. dxe6 Bxe6 19. Nd5 Bxd5 20. Qxd5 Qb7 21. Rcd1
Qxd5 22. Rxd5 Re8 23. Bf2 Bf8 24. g4 a5 25. Nxa5 Ra8 26. b4 cxb4 27. Re2 Bh6
28. Bg3 1/2-1/2

[Event "8th Southwest Class"]
[Site "Forth Worth, TX"]
[Date "2017.02.19"]
[Round "7.13"]
[White "IM Harmon-Vellotti, Luke"]
[Black "Lederer, Yoav"]
[Result "1/2-1/2"]
[WhiteElo "2454"]
[BlackElo "2317"]
[PlyCount "48"]
[EventDate "2017.02.??"]
[EventType "swiss"]
[EventRounds "9"]
[EventCountry "USA"]

1. e4 c5 2. Nf3 e6 3. d4 cxd4 4. Nxd4 a6 5. Bd3 Nf6 6. O-O Qc7 7. c4 Nc6 8.
Nxc6 dxc6 9. Be3 e5 10. h3 Nd7 11. Nc3 Bc5 12. Bd2 O-O 13. Qf3 a5 14. Rab1 Qd6
15. Rfd1 Qe7 16. Na4 Bd4 17. a3 Nb6 18. Nxb6 Bxb6 19. b4 axb4 20. axb4 Bd4 21.
c5 Be6 22. Qe2 Qh4 23. Be3 Rfd8 24. Bc2 Bxe3 1/2-1/2

[Event "8th Southwest Class"]
[Site "Forth Worth, TX"]
[Date "2017.02.19"]
[Round "7.14"]
[White "Sturt, Raven"]
[Black "IM Ruiz, Joshua"]
[Result "1-0"]
[WhiteElo "2431"]
[BlackElo "2338"]
[PlyCount "85"]
[EventDate "2017.02.??"]
[EventType "swiss"]
[EventRounds "9"]
[EventCountry "USA"]

1. d4 Nf6 2. Nf3 e6 3. c4 b6 4. g3 Ba6 5. Nbd2 c5 6. e4 cxd4 7. e5 Ng8 8. Bd3
Nc6 9. Ne4 f5 10. exf6 Nxf6 11. O-O Be7 12. Nfg5 Ne5 13. Nxf6+ Bxf6 14. Nxh7
Bb7 15. f3 Nxd3 16. Qxd3 Qe7 17. Nxf6+ Qxf6 18. Bf4 O-O-O 19. Qd2 Rde8 20. Bd6
e5 21. Qb4 Rh6 22. c5 Reh8 23. Rf2 Bc6 24. Raf1 Kb7 25. a4 Qg5 26. cxb6 a6 27.
Re2 Re8 28. Qc5 Ree6 29. Bc7 d6 30. Qc2 Qg6 31. Qc4 Qe8 32. Rc2 Rhf6 33. b4
Bxa4 34. Ra1 Bb5 35. Qd5+ Bc6 36. Qc4 Bb5 37. Qd5+ Bc6 38. Qa2 Bb5 39. Rac1 d5
40. Qxd5+ Bc6 41. Rxc6 Rxc6 42. b5 axb5 43. Ra1 1-0

[Event "8th Southwest Class"]
[Site "Forth Worth, TX"]
[Date "2017.02.19"]
[Round "7.15"]
[White "Giannatos, Peter"]
[Black "Hong, Andrew"]
[Result "1-0"]
[WhiteElo "2284"]
[BlackElo "2387"]
[PlyCount "125"]
[EventDate "2017.02.??"]
[EventType "swiss"]
[EventRounds "9"]
[EventCountry "USA"]

1. e4 c5 2. Nf3 d6 3. Bb5+ Bd7 4. Bxd7+ Qxd7 5. O-O Nf6 6. Qe2 Nc6 7. c3 e6 8.
d4 cxd4 9. cxd4 d5 10. e5 Ne4 11. Be3 Be7 12. Ne1 f6 13. f3 Ng5 14. Nd3 Nf7 15.
f4 O-O 16. Nd2 f5 17. Nf3 Rac8 18. h3 Rc7 19. g4 Rfc8 20. Rf2 Ncd8 21. Kh1 Qa4
22. Rg2 Kh8 23. Rag1 Nh6 24. a3 Qe8 25. Bd2 Nc6 26. Bc3 b6 27. Qe1 Qd8 28. g5
Ng8 29. g6 Qf8 30. gxh7 Kxh7 31. Qg3 Kh8 32. Qg6 Nd8 33. Qh5+ Nh6 34. Rg6 Rxc3
35. bxc3 Rxc3 36. Nh4 Bxh4 37. Qxh4 Rxd3 38. Rxg7 Qxg7 39. Qxd8+ Ng8 40. Rxg7
Kxg7 41. Qd7+ Kf8 42. Qxe6 Ne7 43. Qf6+ Ke8 44. e6 Rxh3+ 45. Kg2 Rh7 46. Qe5
Kd8 47. Qb8+ Nc8 48. Qa8 Kc7 49. Qxd5 Nd6 50. Qe5 a6 51. d5 Re7 52. Qc3+ Kd8
53. Qc6 Ne8 54. Qxb6+ Kc8 55. Qxa6+ Kc7 56. Qc6+ Kd8 57. a4 Rg7+ 58. Kf1 Ke7
59. a5 Kf8 60. d6 Rg4 61. d7 Rxf4+ 62. Ke1 Re4+ 63. Qxe4 1-0

[Event "8th Southwest Class"]
[Site "Forth Worth, TX"]
[Date "2017.02.19"]
[Round "7.17"]
[White "Kung, Thomas"]
[Black "GM Troff, Kayden"]
[Result "1-0"]
[WhiteElo "1992"]
[BlackElo "2511"]
[PlyCount "114"]
[EventDate "2017.02.??"]
[EventType "swiss"]
[EventRounds "9"]
[EventCountry "USA"]

1. e4 c5 2. Nf3 d6 3. d4 cxd4 4. Nxd4 Nf6 5. Nc3 a6 6. Be3 e5 7. Nb3 Be7 8. f3
Be6 9. Qd2 O-O 10. O-O-O Nbd7 11. g4 b5 12. Rg1 Nb6 13. Na5 Qc7 14. g5 Nh5 15.
Nd5 Nxd5 16. exd5 Bxd5 17. Qxd5 Qxa5 18. Kb1 Qc7 19. Bd3 g6 20. Be4 Rab8 21. h4
Rfc8 22. c3 Bf8 23. Rg4 Kh8 24. Rg2 Qe7 25. Qd3 Qd7 26. Rgg1 Rc4 27. Qd5 Qe7
28. Qd3 Qc7 29. Rc1 Qd7 30. Rcd1 Qe7 31. Rc1 Rd8 32. Rcd1 Qc7 33. Qd5 Rb8 34.
Rc1 Rc8 35. b3 Nf4 36. Qb7 d5 37. Qxc7 R4xc7 38. Bxf4 exf4 39. Bxd5 Ba3 40. Rc2
Rxc3 41. Rgg2 Kg7 42. Bb7 Rxc2 43. Rxc2 Rd8 44. Rh2 a5 45. Kc2 Bc5 46. Be4 Be3
47. Bd3 Rc8+ 48. Kb2 Bc1+ 49. Kb1 Ba3 50. Rh1 Rc3 51. Be2 f6 52. gxf6+ Kxf6 53.
Rf1 Rc5 54. Bd3 Kg7 55. Rg1 Kh6 56. Be2 Rc3 57. Rf1 Rc5 1-0

[Event "8th Southwest Class"]
[Site "Forth Worth, TX"]
[Date "2017.02.19"]
[Round "7.18"]
[White "FM Rozman, Levy"]
[Black "Studen, Damir"]
[Result "1/2-1/2"]
[WhiteElo "2404"]
[BlackElo "2223"]
[PlyCount "44"]
[EventDate "2017.02.??"]
[EventType "swiss"]
[EventRounds "9"]
[EventCountry "USA"]

1. d4 d5 2. Bf4 Nf6 3. e3 e6 4. Nd2 c5 5. c3 Bd6 6. Bg3 Nc6 7. Bb5 O-O 8. Ngf3
Ne7 9. Bd3 c4 10. Bc2 b5 11. e4 dxe4 12. Nxe4 Nxe4 13. Bxe4 Rb8 14. Bxh7+ Kxh7
15. Ng5+ Kg6 16. Ne4 Nf5 17. Qg4+ Kh7 18. O-O-O Bb7 19. d5 Nh6 20. Qf3 Bxg3 21.
hxg3 exd5 22. Qf5+ Kg8 1/2-1/2

[Event "8th Southwest Class"]
[Site "Forth Worth, TX"]
[Date "2017.02.19"]
[Round "7.19"]
[White "Banerjee, Abhimany"]
[Black "IM Viswanadha, Kesav"]
[Result "0-1"]
[WhiteElo "1958"]
[BlackElo "2372"]
[PlyCount "80"]
[EventDate "2017.02.??"]
[EventType "swiss"]
[EventRounds "9"]
[EventCountry "USA"]

1. e4 e5 2. Nf3 Nc6 3. Bc4 Bc5 4. c3 Nf6 5. d3 d6 6. Bb3 a6 7. h3 Ba7 8. Nbd2
h6 9. Nf1 d5 10. Qe2 O-O 11. g4 dxe4 12. dxe4 Nd7 13. Ng3 Nc5 14. Bc2 Ne6 15.
Bd2 Nf4 16. Qf1 g6 17. O-O-O Qf6 18. Ne2 Be6 19. Nxf4 exf4 20. g5 hxg5 21. Kb1
Ne5 22. Qg2 Nxf3 23. Qxf3 Rad8 24. Rh2 Bc5 25. Rg2 Rd7 26. Rgg1 Rfd8 27. Kc1
Bf8 28. h4 gxh4 29. Rge1 Bh6 30. e5 Qg5 31. Rg1 Qxe5 32. Rde1 Qd5 33. Qxd5 Bxd5
34. c4 Bf3 35. Bc3 h3 36. Bf6 h2 37. Rgf1 Rb8 38. Be4 Bg2 39. Kb1 f3 40. Bh4
Re8 0-1

[Event "8th Southwest Class"]
[Site "Forth Worth, TX"]
[Date "2017.02.19"]
[Round "7.21"]
[White "Ghatti, Sanjay"]
[Black "Obili, Abhisek"]
[Result "1-0"]
[WhiteElo "2254"]
[BlackElo "1986"]
[Annotator "Hater,David"]
[PlyCount "108"]
[EventDate "2017.02.??"]
[EventType "swiss"]
[EventRounds "9"]
[EventCountry "USA"]

1. e4 c5 2. Nf3 Nc6 3. d4 cxd4 4. Nxd4 g6 5. c4 Nf6 6. Nc3 Nxd4 7. Qxd4 d6 8.
Bg5 Bg7 9. Be2 O-O 10. Qd2 Qa5 11. O-O Be6 12. Rac1 Rfc8 13. b3 a6 14. f3 b5
15. Nd5 Qxd2 16. Bxd2 Nxd5 17. cxd5 Bd4+ 18. Kh1 Bd7 19. g3 Bb2 20. Rcd1 Bh3
21. Rfe1 Rc2 22. Bd3 Rxd2 23. Rxd2 Bc3 24. Red1 Bxd2 25. Rxd2 Rc8 26. Kg1 Rc1+
27. Kf2 h5 28. Rc2 Ra1 29. Ke3 g5 30. f4 gxf4+ 31. Kxf4 Bf1 32. Bxf1 Rxf1+ 33.
Kg5 Kg7 34. Re2 a5 35. Kxh5 Kf6 36. Kg4 Ke5 37. h4 Kd4 38. h5 Rh1 39. Kg5 Kd3
40. Rf2 f6+ 41. Kg6 Rh3 42. g4 Rh4 43. Kf7 Kxe4 44. Kxe7 Kxd5 45. Kxf6 Rxg4 46.
Rh2 Rf4+ 47. Kg5 Rf8 48. h6 a4 49. bxa4 bxa4 50. h7 Rh8 51. Kg6 Kc5 52. Kg7 d5
53. Kxh8 d4 54. Kg7 d3 {[%emt 0:00:59] 1-0,} 1-0

[Event "8th Southwest Class"]
[Site "Forth Worth, TX"]
[Date "2017.02.19"]
[Round "7.22"]
[White "GM Raznikov, Dani"]
[Black "Daggupati, Balaji"]
[Result "1-0"]
[WhiteElo "2514"]
[BlackElo "2158"]
[PlyCount "109"]
[EventDate "2017.02.??"]
[EventType "swiss"]
[EventRounds "9"]
[EventCountry "USA"]

1. d4 d5 2. c4 c6 3. cxd5 cxd5 4. Bf4 Nf6 5. Nc3 Nc6 6. e3 Bf5 7. Qb3 Na5 8.
Qa4+ Bd7 9. Qc2 Rc8 10. Bd3 e6 11. Nf3 Bb4 12. O-O Nc4 13. Rac1 h6 14. Bxc4
Rxc4 15. Ne5 Rc8 16. Qb3 Bxc3 17. Rxc3 Rxc3 18. Qxc3 O-O 19. Rc1 Bb5 20. Qc7
Qxc7 21. Rxc7 a6 22. f3 Nh5 23. Kf2 Nxf4 24. exf4 f6 25. Ng6 Rb8 26. f5 exf5
27. Ne7+ Kf8 28. Nxd5 Rd8 29. Nc3 Rxd4 30. Nxb5 axb5 31. Ke3 Ra4 32. Rxb7 Rxa2
33. Rxb5 Ke7 34. Kd4 Kd6 35. Rb6+ Kc7 36. Kc5 Ra5+ 37. Rb5 Ra1 38. Kd5 Rg1 39.
Rc5+ Kb6 40. Rc2 Re1 41. h4 Re5+ 42. Kd6 g5 43. Kd7 g4 44. Rc6+ Kb7 45. Rxf6 h5
46. f4 Rb5 47. g3 Rxb2 48. Rxf5 Rb3 49. Rxh5 Rxg3 50. Rb5+ Ka6 51. Rg5 Kb6 52.
f5 Rd3+ 53. Ke7 Kc7 54. f6 Re3+ 55. Kf8 1-0

[Event "8th Southwest Class"]
[Site "Forth Worth, TX"]
[Date "2017.02.19"]
[Round "7.23"]
[White "Zhang, Chao"]
[Black "Metpally, Jason"]
[Result "1/2-1/2"]
[WhiteElo "2242"]
[BlackElo "2100"]
[PlyCount "126"]
[EventDate "2017.02.??"]
[EventType "swiss"]
[EventRounds "9"]
[EventCountry "USA"]

1. e4 e6 2. d4 d5 3. Nc3 Nf6 4. e5 Nfd7 5. f4 c5 6. Nf3 Nc6 7. Be3 Be7 8. Qd2
O-O 9. Be2 b6 10. O-O f5 11. Nd1 cxd4 12. Nxd4 Nxd4 13. Bxd4 Nc5 14. Nf2 a5 15.
Rfd1 Ba6 16. Rac1 Bxe2 17. Qxe2 Ra7 18. Be3 Rd7 19. c3 Kh8 20. b4 axb4 21. cxb4
Na4 22. Qb5 Ra7 23. Nd3 Qd7 24. Qxd7 Rxd7 25. Bd4 Re8 26. Rc6 Bf8 27. Rdc1 Kg8
28. Kf2 Ra7 29. Ke3 Kf7 30. Kd2 Rea8 31. Rc8 Be7 32. R1c6 Bd8 33. Bf2 h6 34.
Kc2 Rxc8 35. Rxc8 Ke8 36. Kb3 Kd7 37. Rc2 Ra8 38. a3 b5 39. Nc5+ Nxc5+ 40. Rxc5
Bb6 41. Rc2 Bxf2 42. Rxf2 g5 43. fxg5 hxg5 44. h3 Rc8 45. a4 bxa4+ 46. Kxa4 Rc3
47. Kb5 Re3 48. Ra2 Rxe5 49. Kc5 Re4 50. Ra7+ Kc8 51. b5 Rc4+ 52. Kd6 d4 53.
Ra2 d3 54. Rd2 Rc2 55. Rxd3 Rxg2 56. Kxe6 f4 57. Kf5 Rg3 58. Rd1 f3 59. Rf1
Rxh3 60. Kxg5 Kb7 61. Kg4 Rh2 62. Rxf3 Rb2 63. Rf5 Kb6 1/2-1/2

[Event "8th Southwest Class"]
[Site "Forth Worth, TX"]
[Date "2017.02.19"]
[Round "7.24"]
[White "Sanchez, Robert"]
[Black "Menon, Gopal"]
[Result "1/2-1/2"]
[WhiteElo "1863"]
[BlackElo "2238"]
[PlyCount "41"]
[EventDate "2017.02.??"]
[EventType "swiss"]
[EventRounds "9"]
[EventCountry "USA"]

1. e4 g6 2. d4 Bg7 3. Nc3 c6 4. Be3 Qb6 5. a3 d6 6. h3 Nd7 7. Nf3 Qc7 8. Qd2
Ngf6 9. Bc4 O-O 10. Bb3 b5 11. O-O Bb7 12. Rfe1 Rad8 13. Ng5 Nb6 14. f4 h6 15.
Nf3 d5 16. e5 Ne4 17. Qc1 Nxc3 18. bxc3 Kh7 19. Qd1 Bc8 20. Nh4 f6 21. Qd3
1/2-1/2

[Event "8th Southwest Class"]
[Site "Forth Worth, TX"]
[Date "2017.02.19"]
[Round "7.25"]
[White "FM Gorti, Akshita"]
[Black "Hung, Daniel"]
[Result "0-1"]
[WhiteElo "2169"]
[BlackElo "1924"]
[PlyCount "82"]
[EventDate "2017.02.??"]
[EventType "swiss"]
[EventRounds "9"]
[EventCountry "USA"]

1. d4 d5 2. Bf4 c5 3. e3 Nf6 4. Nc3 cxd4 5. exd4 Bg4 6. f3 Bf5 7. Nb5 Na6 8. c3
e6 9. Bd3 Bxd3 10. Qxd3 Be7 11. Ne2 Qd7 12. a4 O-O 13. O-O Rfc8 14. Qd2 Nb8 15.
b3 Nc6 16. Na3 Ne8 17. Nc1 b6 18. Nd3 Nd6 19. Rfe1 Re8 20. Nc2 f6 21. Qf2 Bf8
22. g4 Nf7 23. Qg3 g5 24. Be3 e5 25. dxe5 fxe5 26. Rad1 Rad8 27. Qg2 Qc7 28.
Kh1 Bg7 29. Bf2 Na5 30. b4 Nb7 31. b5 Qxc3 32. Ncb4 Na5 33. Bg3 Qb3 34. h4 h6
35. hxg5 hxg5 36. Nc6 Nxc6 37. bxc6 Qxa4 38. Ra1 Qxc6 39. Rxa7 Ra8 40. Rxa8
Qxa8 41. Nb4 Qa5 0-1

[Event "8th Southwest Class"]
[Site "Forth Worth, TX"]
[Date "2017.02.19"]
[Round "7.28"]
[White "Polavaram, Rithik"]
[Black "Zaloznyy, Mike"]
[Result "0-1"]
[WhiteElo "1908"]
[BlackElo "2100"]
[PlyCount "34"]
[EventDate "2017.02.??"]
[EventType "swiss"]
[EventRounds "9"]
[EventCountry "USA"]

1. d4 e6 2. c4 b6 3. e4 Bb7 4. Bd3 Bb4+ 5. Bd2 Bxd2+ 6. Nxd2 f5 7. f3 Qg5 8.
Qe2 Nc6 9. Qf2 Nge7 10. Nh3 Qf6 11. e5 Qh6 12. f4 Nxd4 13. O-O-O c5 14. Rhg1
Nec6 15. Qe3 Qh5 16. Nf2 Nb4 17. Bb1 Ne2+ 0-1

[Event "8th Southwest Class"]
[Site "Forth Worth, TX"]
[Date "2017.02.19"]
[Round "7.29"]
[White "Vaidya, Atulya"]
[Black "Potula, Kapish"]
[Result "0-1"]
[WhiteElo "2087"]
[BlackElo "2015"]
[PlyCount "85"]
[EventDate "2017.02.??"]
[EventType "swiss"]
[EventRounds "9"]
[EventCountry "USA"]

1. d4 e6 2. c4 Nf6 3. Nc3 Bb4 4. Qc2 d5 5. cxd5 exd5 6. Bg5 h6 7. Bh4 c5 8. e3
O-O 9. Bd3 Nc6 10. Nge2 Re8 11. O-O cxd4 12. exd4 Be7 13. a3 Be6 14. Rfd1 Qd7
15. Rac1 Rac8 16. b4 Ne4 17. Bxe7 Nxc3 18. Nxc3 Qxe7 19. Be2 Nb8 20. Re1 Nd7
21. Bf3 Nb6 22. Qb3 Qd7 23. h4 Rc4 24. Rcd1 Rec8 25. Re3 Bg4 26. Ne2 Bxf3 27.
Rxf3 Qe7 28. Ng3 Rc1 29. Nf5 Qe2 30. Rxc1 Rxc1+ 31. Kh2 Nc4 32. Rg3 g6 33.
Nxh6+ Kg7 34. Nf5+ Kh7 35. Ne3 Qxf2 36. Nxc4 Qg1+ 37. Kh3 Qh1+ 38. Kg4 Rxc4 39.
Qe3 Qd1+ 40. Rf3 Qxd4+ 41. Qxd4 Rxd4+ 42. Kg5 Kg7 43. g4 0-1

[Event "8th Southwest Class"]
[Site "Forth Worth, TX"]
[Date "2017.02.19"]
[Round "7.31"]
[White "Xie, Tianming"]
[Black "FM Greanias, Steven"]
[Result "1/2-1/2"]
[WhiteElo "2004"]
[BlackElo "2077"]
[PlyCount "108"]
[EventDate "2017.02.??"]
[EventType "swiss"]
[EventRounds "9"]
[EventCountry "USA"]

1. Nf3 Nf6 2. c4 c5 3. Nc3 d5 4. cxd5 Nxd5 5. e4 Nb4 6. d3 Bg4 7. Be3 e6 8. a3
N4c6 9. Qa4 Bxf3 10. gxf3 Be7 11. Rd1 O-O 12. Rg1 Nd4 13. Bxd4 cxd4 14. Ne2 Nc6
15. f4 Qd7 16. Bh3 f5 17. e5 a6 18. Bg2 Rfd8 19. Rc1 Nxe5 20. Qxd7 Nxd7 21.
Bxb7 Ra7 22. Bh1 Nc5 23. Rg3 a5 24. Rc4 Rb8 25. Nxd4 Rxb2 26. Nc6 Rd7 27. Nxe7+
Rxe7 28. Rxc5 Rb1+ 29. Ke2 Rxh1 30. Rxa5 Rxh2 31. Re3 Rh1 32. Rxf5 Ra1 33. Ra5
Kf7 34. Kf3 Rc7 35. Ra6 Rc3 36. d4 Rc2 37. Raxe6 Rd2 38. Re7+ Kf6 39. R3e6+ Kf5
40. Re5+ Kf6 41. d5 Rxa3+ 42. Kg4 h5+ 43. Kxh5 Rxd5 44. Rxd5 Kxe7 45. Kg6 Rf3
46. Re5+ Kd6 47. Rf5 Ke6 48. Rf7 Rxf2 49. f5+ Ke5 50. Re7+ Kf4 51. Kxg7 Kg5 52.
f6 Rxf6 53. Re5+ Rf5 54. Rxf5+ Kxf5 1/2-1/2